000 00521ngm a22002290a 4500
001 PT15043
003 AR-LpoUNG
005 20210201232400.0
007 co ||u|||uuuuu
008 191001s1995||||xxu|||||||||||||||||spa d
040 _aAR-LpoUNG
_bspa
_cAR-LpoUNG
_eaacr
041 _aspa
044 _axxu
082 0 _a291.1 111mit
245 1 0 _aMitologĂ­a Universal
260 _aMiami :
_bF y G,
_c1995.
650 4 _aFILOSOFIA
650 4 _aHISTORIA
650 4 _aRELIGION
905 _a15043
942 _cCDDVD
999 _c53520
_d53520